000 00434nam a2200145Ia 4500
008 210210b1984 xxu||||| |||| 00| 0 eng d
082 _a333.7938 ORGB
100 _aORGANISATION FOR ECONOMIC CO-OPERATION & DEVELOPMENT.
245 _aBiomass for energy: economic and policy issues.
260 _aBombay
_bOxford & IBH publishing Co.
_c1984
300 _a135
650 _aBiomass energy
690 _aLand Economics
906 _a046701
999 _c96167
_d96167